The New Testament doctrine of the church. (Record no. 5611)

MARC details
000 -LEADER
fixed length control field 00722cam a22002531 4500
001 - CONTROL NUMBER
control field 6496411
003 - CONTROL NUMBER IDENTIFIER
control field GBCCL
005 - DATE AND TIME OF LATEST TRANSACTION
control field 20241126110546.0
008 - FIXED-LENGTH DATA ELEMENTS--GENERAL INFORMATION
fixed length control field 771031s1951 xx 000 0 eng
010 ## -
-- 51014865
035 ## - SYSTEM CONTROL NUMBER
System control number (OCoLC)3382025
040 ## - CATALOGING SOURCE
Original cataloging agency DLC
Transcribing agency MoSpE
Modifying agency DLC
042 ## -
-- premarc
050 00 -
-- BS2545.C5
-- T8
082 ## - DEWEY DECIMAL CLASSIFICATION NUMBER
Classification number 225
Item number TUR
100 1# - MAIN ENTRY--PERSONAL NAME
Personal name Turner, John Clyde,
Dates associated with a name 1878-
9 (RLIN) 9687
245 14 - TITLE STATEMENT
Title The New Testament doctrine of the church.
260 ## - PUBLICATION, DISTRIBUTION, ETC.
Place of publication, distribution, etc. Nashville,
Name of publisher, distributor, etc. Broadman Press
Date of publication, distribution, etc. [c1951]
300 ## - PHYSICAL DESCRIPTION
Extent 118 p.
Dimensions 20 cm.
630 00 - SUBJECT ADDED ENTRY--UNIFORM TITLE
Uniform title Bible.
Name of part/section of a work New Testament
General subdivision Theology.
9 (RLIN) 2335
650 #0 - SUBJECT ADDED ENTRY--TOPICAL TERM
Topical term or geographic name entry element Church
General subdivision Biblical teaching.
9 (RLIN) 6223
906 ## - LOCAL DATA ELEMENT F, LDF (RLIN)
a 7
b cbc
c oclcrpl
d u
e ncip
f 19
g y-gencatlg
942 ## - ADDED ENTRY ELEMENTS (KOHA)
Source of classification or shelving scheme Dewey Decimal Classification
Koha item type Books
Koha issues (borrowed), all copies 2
Holdings
Withdrawn status Lost status Source of classification or shelving scheme Damaged status Not for loan Home library Current Library Shelving location Date acquired Total checkouts Full call number Barcode Date last seen Date last checked out Copy number Price effective from Koha item type
    Dewey Decimal Classification     GRACE BIBLE COLLEGE GRACE BIBLE COLLEGE Biblical Studies 2018-04-02 2 225 TUR 006365 2025-05-01 2019-09-16 c.1 2018-04-02 Books
    Dewey Decimal Classification     GRACE BIBLE COLLEGE GRACE BIBLE COLLEGE Biblical Studies 2018-08-01   225 TUR 013566 2025-05-01   c.2 2018-08-01 Books
© Grace Bible College Library 2025